Nové trendy e-commerce pre rok 2024
Využívanie moderných technológií a čarz vysoký dopyt spotrebiteľov nútia e-shopy neustále zefektívňovať svoje procesy a ponúkať čoraz komplexnejšie služby.
Guardado en:
| Autor principal: | |
|---|---|
| Formato: | Capítulo de libro |
| Lenguaje: | eslovaco |
| Materias: | |
| Etiquetas: |
Sin Etiquetas, Sea el primero en etiquetar este registro!
|
MARC
| LEADER | 00000naa a2200000 4500 | ||
|---|---|---|---|
| 001 | 0299239 | ||
| 005 | 20240417075304.4 | ||
| 041 | 0 | |a slo | |
| 044 | |a SK | ||
| 245 | 1 | 0 | |a Nové trendy e-commerce pre rok 2024 |c Gabriela Alenová |
| 520 | |a Využívanie moderných technológií a čarz vysoký dopyt spotrebiteľov nútia e-shopy neustále zefektívňovať svoje procesy a ponúkať čoraz komplexnejšie služby. | ||
| 610 | 2 | 0 | |a obchod elektronický |
| 610 | 2 | 0 | |a inovácie technologické |
| 610 | 2 | 0 | |a technológie nové |
| 610 | 2 | 0 | |a inteligencia umelá |
| 610 | 2 | 0 | |a konkurencia trhová |
| 100 | 1 | |a Alenová, Gabriela | |